Państwa po kawałkach flag #4 - Statystyki

Ogólne statystyki
  • Ten quiz został rozwiązany 20 650 razy
  • Średni wynik to 12 z 16
Statystyki odpowiedzi
Obrazkowy Odpowiedź % Poprawnych
Argentyna
99%
Cypr
96%
Słowenia
93%
Islandia
91%
Tunezja
90%
Maroko
89%
Liban
83%
Czarnogóra
81%
Nowa Zelandia
81%
Andora
71%
Barbados
70%
Dominikana
59%
Kiribati
58%
Tajwan
55%
Malawi
50%
Boliwia
32%
Nie znaleziono quizów pasujących do podanych kryteriów
Rozkład punktacji
Procent ludzi z każdym wynikiem
Percentyl według liczby udzielonych odpowiedzi
Twoja historia wyników
Nie rozwiązałeś tego quizu